[Event "44th Badalona Open 2018"]
[Site "Badalona"]
[Date "2018.08.02"]
[Round "2"]
[White "Gallego Alcaraz, Andres Felipe"]
[Black "Rubil, Marko"]
[Result "1-0"]
[WhiteElo "2500"]
[BlackElo "2213"]
[Annotator "TA"]
[PlyCount "97"]
[EventDate "2018.08.01"]
[EventType "swiss"]
[EventCountry "ESP"]
[SourceTitle "playchess.com"]
[Source "ChessBase"]
[SourceQuality "1"]

{[%evp 20,97,29,2,1,10,16,22,39,42,49,31,37,33,37,31,39,30,33,16,19,0,0,0,16,-2,0,-34,19,19,19,0,20,33,42,0,17,0,8,0,0,0,0,0,6,-19,-23,-28,-11,-30,-9,-8,7,5,56,45,171,172,196,210,231,200,463,452,492,478,502,497,533,526,726,528,1301,1250,1459,529,1271,600,1229,1204]} 1. d4 d5 2. c4 c6 3. Nf3 Nf6 4. Nc3 dxc4 5. a4 Bf5 6. e3 e6 7. Bxc4 Nbd7 8. O-O Bb4 9. Nh4 Bg6 10. Qb3 a5 11. Na2 {LiveBook: 6 Partien. D18: Damengambit (Slawische Verteidigung, Hauptvariante)} (11. g3 Qb6 12. Nxg6 hxg6 13. Rd1 O-O 14. Qc2 Rad8 15. b3 Rfe8 16. Bb2 Qc7 17. Bf1 e5 18. Bg2 exd4 19. Rxd4 Be7 20. Nb5 Qb8 21. Na3 Nb6 {1-0 (53) Gleizerov,E (2564)-Pikula,D (2489) Winterthur 2012}) 11... Bd6 12. g3 Qc7 13. Nc3 {Die Stellung ist ausgeglichen.} Nb6 $146 ({Vorgänger:} 13... Bb4) 14. Be2 Nbd5 15. Bd2 O-O 16. Nxg6 hxg6 17. Bf3 Nb4 18. Rfd1 Qe7 19. Ne2 Rfd8 20. Bc3 g5 21. Bg2 Rd7 22. Bd2 e5 23. e4 Nh7 (23... exd4 $15 24. Nxd4 Rad8) 24. Be3 $11 g4 25. h3 gxh3 26. Bxh3 Rdd8 27. Bg2 Nf8 28. Qc3 g6 29. Rd2 Na6 {Und ...Lb4 würde nun gewinnen.} 30. Rdd1 Bb4 31. Qc4 Nd7 32. Qc1 exd4 33. Nxd4 Ne5 34. Nb3 Qe6 35. Qc2 Qg4 36. Bb6 $36 {[%mdl 2048] Weiss steht aktiver.} Rd7 (36... Rxd1+ $11 37. Rxd1 (37. Qxd1 Qxd1+ 38. Rxd1 Nc4 $11) 37... Bf8) 37. Nxa5 c5 {[#]} ({Besser ist} 37... Nc5 $14) 38. Rxd7 $1 $18 Nxd7 39. Nc4 Kg7 40. a5 {[%cal Ba4a5,Ba5b6][%mdl 32]} Rh8 $2 (40... Nab8 41. Bc7 Nc6) 41. Qd1 {Weiß steht klar auf Gewinn.} Qe6 42. Qd5 Nxb6 43. axb6 ({Nicht} 43. Nxb6 Qxd5 44. exd5 c4 $18) 43... Qe7 {Falls Schwarz jetzt zu ...Td8 käme, bestünde noch etwas Hoffnung.} 44. e5 Nb8 45. Qxb7 Nd7 46. Rd1 Qe6 47. Qd5 (47. Qxd7 $142 Re8 48. b7) 47... Qg4 48. Ne3 (48. Qxd7 $142 Qe2 49. Qd6 Qxc4 50. b7) 48... Qh5 49. Qxd7 {Precision: Weiß = 45%, Schwarz = 29%.} 1-0

[Event "44th Badalona Open 2018"]
[Site "Badalona"]
[Date "2018.08.02"]
[Round "2"]
[White "Aguero Jimenez, Luis Lazaro"]
[Black "Castrillon Gomez, Melissa"]
[Result "1-0"]
[WhiteElo "2482"]
[BlackElo "2202"]
[Annotator "TA"]
[PlyCount "67"]
[EventDate "2018.08.01"]
[EventType "swiss"]
[EventCountry "ESP"]
[SourceTitle "playchess.com"]
[Source "ChessBase"]
[SourceQuality "1"]

{[%evp 12,67,10,-25,0,-28,4,-16,6,-8,0,0,0,0,18,-35,29,27,27,27,49,43,83,69,88,95,220,197,248,241,273,304,309,309,304,304,307,295,302,294,283,198,163,114,588,569,542,509,581,595,566,551,850,837,869,721,996,950]} 1. d4 Nf6 2. Nc3 d5 3. Bg5 Nbd7 4. Nf3 e6 5. e4 dxe4 {[#]} 6. Nxe4 $1 {[%mdl 512]} Be7 (6... Nxe4 7. Bxd8) 7. Nc3 c5 {C13: Französische Verteidigung (Klassisches System)} (7... c6 8. Qd2 O-O 9. O-O-O Nd5 10. Nxd5 exd5 11. h4 Nf6 12. Bxf6 Bxf6 13. Bd3 Bg4 {½-½ (13) Meszaros,G (2360)-Keresztes,R (2273) Kecskemet 2011}) 8. g3 $146 ({Vorgänger:} 8. Be2 b6 9. O-O Bb7 10. dxc5 Nxc5 11. Qxd8+ Rxd8 12. Bb5+ Nfd7 13. Bxe7 Kxe7 14. Nd4 a6 15. Nc6+ Bxc6 16. Bxc6 {0-1 (30) Rajcsanyi,P (1959)-Burgisser,C (1689) Budapest 2009}) 8... b6 9. dxc5 Nxc5 {Die Stellung ist ausgeglichen.} 10. Ne5 Bb7 11. Bb5+ Kf8 12. O-O {[%cal Bh1f1,Bf1d1,Bd1d7][%mdl 32]} h6 13. Be3 (13. Qxd8+ $11 Rxd8 14. Be3) 13... Qd6 (13... Qc7 $15 14. Bf4 Qc8) 14. Bf4 $36 {[%mdl 2048] Droht stark Sg6+! Weiss hat Druck.} Qxd1 15. Rfxd1 Rc8 16. a4 a6 {Und ...g5 würde nun gewinnen.} 17. Be2 Nce4 18. Nxe4 Nxe4 (18... Bxe4 $16 {ist eine bessere Verteidigung.} 19. c3 a5) 19. Rd7 $18 Bd5 (19... g5 $142) 20. c4 ({Finger weg von} 20. Bxa6 Rxc2 21. Bd3 Rc8) 20... Bc6 21. Nxc6 Rxc6 22. Rad1 g5 23. Be5 f6 {[#]} 24. Bd4 $1 e5 25. Be3 f5 26. Ra7 {Droht Tdd7 und aus.} f4 27. Rdd7 fxe3 $2 {[%mdl 8192]} (27... Rh7 $16 {ist eine bessere Chance.}) 28. Rxe7 {Weiß steht klar auf Gewinn.} exf2+ 29. Kg2 Rf6 30. Reb7 {[%cal Rb7b8]} Nd6 31. Rxb6 e4 32. Raxa6 Ke7 33. Ra7+ Kf8 34. c5 {Precision: Weiß = 67%, Schwarz = 35%.} 1-0

[Event "44th Badalona Open 2018"]
[Site "Badalona"]
[Date "2018.08.02"]
[Round "2"]
[White "Munoz, Miguel"]
[Black "Alboredo, Julia"]
[Result "1-0"]
[WhiteElo "2475"]
[BlackElo "2197"]
[Annotator "TA"]
[PlyCount "49"]
[EventDate "2018.08.01"]
[EventType "swiss"]
[EventCountry "ESP"]
[SourceTitle "playchess.com"]
[Source "ChessBase"]
[SourceQuality "1"]

{[%evp 11,49,-3,-1,-33,-38,-18,-18,-55,-50,-56,-66,-64,-60,-66,-40,-41,0,0,0,-4,2,-3,24,0,21,12,102,102,103,98,103,98,137,136,270,262,292,279,266,252]} 1. e4 c5 2. g3 d5 3. exd5 Qxd5 4. Nf3 Bg4 5. Be2 (5. Bg2 Qe6+ 6. Kf1 Nc6 7. h3 Bh5 8. d3 Nf6 9. Nc3 Rd8 10. Kg1 Qc8 11. Kh2 e6 12. Bf4 Be7 13. Re1 O-O 14. Qc1 Nd4 15. Ne5 Nd7 16. g4 Nxe5 17. Bxe5 {1-0 (61) Mamedov,R (2688)-Najer,E (2679) Doha 2016}) 5... Nc6 6. h3 {B20: Sicilian: Unusual White 2nd moves} Bf5 {LiveBook: 6 Games} 7. d3 (7. g4 {feels hotter.} Bg6 8. Nc3 Qd6 9. d3 Nf6 10. Nd2) 7... e5 8. Nc3 {Black is slightly better.} Qd7 9. g4 Bg6 10. Nh4 Be7 11. g5 $146 ({Predecessor:} 11. Nxg6 hxg6 12. Bf3 {1-0 (43) Certic,B (2381)-Todorovic,G (2477) Zlatibor 2006}) 11... Nd4 12. Bg4 Qc6 13. Bf3 Nxf3+ (13... Qa6 {with more complications.} 14. Nxg6 hxg6 15. a4 O-O-O 16. Bd2 Kb8) 14. Qxf3 Qxf3 15. Nxf3 Bd6 16. Be3 Rc8 17. Ne4 Kd7 18. Nfd2 f5 (18... b6 $11) 19. Nxd6 $16 Kxd6 20. Nc4+ Ke6 21. f4 exf4 22. Bxf4 h6 (22... Ne7 $16 {keeps fighting.}) 23. O-O-O $18 {White has a decisive advantage.} Ne7 24. Rhe1+ Kd7 25. d4 {Precision: White = 55%, Black = 42%.} 1-0

[Event "44th Badalona Open 2018"]
[Site "Badalona"]
[Date "2018.08.02"]
[Round "2"]
[White "Diaz Camallonga, Carles"]
[Black "Damen, Jip"]
[Result "1-0"]
[WhiteElo "2445"]
[BlackElo "2183"]
[Annotator "TA"]
[PlyCount "63"]
[EventDate "2018.08.01"]
[EventType "swiss"]
[EventCountry "ESP"]
[SourceTitle "playchess.com"]
[Source "ChessBase"]
[SourceQuality "1"]

{[%evp 18,63,23,12,60,26,65,65,61,24,65,67,118,121,104,104,111,107,188,187,191,183,259,260,337,341,331,306,429,426,459,446,656,634,632,632,614,631,608,618,597,596,982,796,1170,1147,1227,1210]} 1. e4 d6 2. d4 g6 3. Nf3 Bg7 4. Bc4 Nf6 5. Qe2 O-O 6. e5 dxe5 {B06: Modern Defence} 7. dxe5 Nd5 8. h3 Be6 (8... Nb6 9. Bb3 c5 10. O-O Nc6 11. e6 Bxe6 12. Bxe6 fxe6 13. Qxe6+ Kh8 14. c3 Qd5 15. Qxd5 Nxd5 16. Nbd2 Nf4 17. Ne4 Nd3 18. Rb1 {½-½ (96) Short,N (2678)-Adhiban,B (2655) Riadh 2017}) 9. O-O Nd7 10. Bb3 {LiveBook: 3 Games} a5 11. c4 $146 (11. Rd1 $5 {[%cal Rb3d5]} c6 12. Nc3 $14) ({Predecessor:} 11. Rd1 c6 12. Nc3 Nxc3 13. bxc3 Qc7 14. Bf4 {½-½ (41) Spasov,V (2564)-Morozov,E (2179) Golden Sands 2014}) 11... N5b6 {Strongly threatening ...a4.} 12. Na3 $1 c6 13. Bf4 Qc8 14. Bc2 Rd8 {[#]} (14... Qc7 $14) 15. Ng5 $1 $16 Nf8 16. Be3 $36 {[%mdl 2048] White is on the roll.} Qc7 17. f4 {[%cal Bf2f4,Bf4f5][%mdl 32]} Bc8 (17... Bf5 $16) 18. Qf2 Nbd7 19. c5 Nb8 (19... a4 $142 20. Rad1 h6) 20. Bb3 $18 Ne6 {[#]} 21. Nxf7 $1 {[%mdl 512]} Kxf7 22. f5 Kg8 (22... gxf5 {keeps fighting.} 23. Qxf5+ Kg8) 23. fxe6 {White is clearly winning.} ({Not} 23. Bxe6+ Bxe6 24. fxe6 Rf8 $16) 23... a4 {Threatens to win with ...Rf8.} 24. Bc4 Rf8 (24... Na6 $142 25. Qf7+ Kh8) 25. Qh4 Qxe5 26. Rxf8+ Kxf8 27. Rf1+ Ke8 28. Qxh7 {Intending Qg8+ and mate.} Qxe3+ 29. Kh1 {Threatening mate with Qg8+.} Bxe6 30. Qxg6+ Kd7 31. Bxe6+ Kc7 32. Nc4 {Precision: White = 74%, Black = 36%.} 1-0

[Event "44th Badalona Open 2018"]
[Site "Badalona"]
[Date "2018.08.02"]
[Round "2"]
[White "Fernandez Diaz, Cristian"]
[Black "Narciso Dublan, Marc"]
[Result "1/2-1/2"]
[WhiteElo "2206"]
[BlackElo "2483"]
[Annotator "TA"]
[PlyCount "89"]
[EventDate "2018.08.01"]
[EventType "swiss"]
[EventCountry "ESP"]
[SourceTitle "playchess.com"]
[Source "ChessBase"]
[SourceQuality "1"]

{[%evp 9,89,11,20,1,0,0,0,0,0,0,0,0,0,-10,0,-7,7,0,0,0,0,0,0,0,0,0,0,0,-16,-10,-13,-19,-23,-5,-10,-8,0,-5,0,0,0,0,0,0,0,0,0,0,0,0,0,0,0,0,0,-8,-8,-8,-8,-8,-8,-8,-8,-8,-8,-8,-8,-8,-8,-8,-8,-8,-8,-8,-8,-8,-8,-8,-8,-8,-8,-8]} 1. d4 f5 2. Nc3 {[%cal Bb1c3,Bc3e2,Be2f4,Bf4e6][%mdl 32]} Nf6 3. Bg5 d5 4. e3 e6 5. Nf3 Nbd7 {LiveBook: 11 Games} (5... Be7 6. Bd3 O-O 7. O-O Ne4 8. Bxe7 Qxe7 9. Ne2 Nd6 10. Rc1 Nd7 11. c4 c6 12. Qb3 Kh8 13. Qa3 a5 14. Ne5 {½-½ (45) So,W (2770)-Carlsen,M (2855) Leuven 2016}) 6. Ne2 {A80: Dutch Defence: Unusual White second moves} h6 $146 ({Predecessor:} 6... Be7 7. Nf4 Kf7 8. Nd3 Rf8 9. c4 Ne4 10. Bxe7 Qxe7 11. Be2 Kg8 12. Qc2 {½-½ (53) Goric,E (2300)-Ozanic,M (2305) Vinkovci 2001}) 7. Nf4 hxg5 8. Nxe6 Qe7 $1 {[%cal Re7e6]} ({Not} 8... Bb4+ $2 9. c3 $18) 9. Nxc7+ Kd8 $1 {[%cal Rd8c7]} 10. Nxa8 g4 $1 {[%cal Rg4f3]} 11. Nd2 g3 12. fxg3 {[#] aiming for Qf3.} Rxh2 13. Rxh2 Qxe3+ 14. Qe2 Qxg3+ 15. Qf2 Qxh2 16. O-O-O Qb8 17. Qxf5 Qxa8 18. Qg5 Qb8 19. Bd3 Qh2 20. Nf3 Qh6 21. Qxh6 gxh6 {The position is equal.} 22. Bf5 Nb6 23. Nh4 h5 24. Kb1 Nc4 {[#] White must now prevent ...Ne3.} 25. Bxc8 Kxc8 26. Nf5 Kd7 27. b3 Nd6 28. Nxd6 Bxd6 29. c4 h4 30. Rf1 Ke6 31. Kc2 Nh5 32. cxd5+ Ke7 33. Rf5 Nf4 34. Rg5 Kf6 35. Rg8 Nxd5 36. Kd3 Bg3 37. Ke4 Nc3+ 38. Kf3 Nxa2 {Threatening ...Nc1.} 39. Ra8 $1 Nc1 40. Rxa7 Nxb3 41. Rxb7 Nxd4+ 42. Kg4 Nc2 43. Rb3 Ne1 44. Rxg3 hxg3 45. Kxg3 {Precision: White = 82%, Black = 79%.} 1/2-1/2

[Event "44th Badalona Open 2018"]
[Site "Badalona"]
[Date "2018.08.02"]
[Round "2"]
[White "Naslund, Mikael"]
[Black "Oliva Castaneda, Kevel"]
[Result "1/2-1/2"]
[WhiteElo "2190"]
[BlackElo "2478"]
[Annotator "TA"]
[PlyCount "44"]
[EventDate "2018.08.01"]
[EventType "swiss"]
[EventCountry "ESP"]
[SourceTitle "playchess.com"]
[Source "ChessBase"]
[SourceQuality "1"]

{[%evp 24,44,39,39,54,47,66,59,70,48,58,0,0,5,9,-36,-29,-32,0,7,-14,-29,-41]} 1. d4 Nf6 2. Nf3 g6 3. c4 Bg7 4. Nc3 O-O 5. e4 d6 6. Be2 e5 7. O-O Nc6 8. d5 Ne7 9. Ne1 Nd7 10. f3 f5 11. g4 Kh8 12. g5 {E99: King's Indian: Classical Main Line: 9 Ne1 Nd7 10 f3 f5} (12. Nd3 f4 13. b4 g5 14. c5 h5 15. h3 Nf6 16. Ba3 Rf7 17. Rc1 Ng6 18. b5 hxg4 19. hxg4 dxc5 20. Nxc5 {½-½ (36) Wang,H (2718)-Radjabov,T (2744) Ningbo 2011}) 12... Ng8 13. h4 {LiveBook: 12 Games} h6 14. Rf2 {White is slightly better.} f4 15. Rh2 Rf7 16. Nd3 Bf8 17. Kf2 (17. Kh1 $14) 17... Rh7 $11 18. Qg1 Be7 19. Nxf4 exf4 20. Bxf4 Rf7 $146 21. Be3 Ne5 22. f4 {[#] aiming for Ke1.} h5 $1 {Precision: White = 50%, Black = 70%.} 1/2-1/2

[Event "44th Badalona Open 2018"]
[Site "Badalona"]
[Date "2018.08.02"]
[Round "2"]
[White "Ramondino, Renzo"]
[Black "Fluvia Poyatos, Jordi"]
[Result "0-1"]
[WhiteElo "2183"]
[BlackElo "2441"]
[Annotator "TA"]
[PlyCount "88"]
[EventDate "2018.08.01"]
[EventType "swiss"]
[EventCountry "ESP"]
[SourceTitle "playchess.com"]
[Source "ChessBase"]
[SourceQuality "1"]

{[%evp 18,88,28,19,50,41,39,39,46,34,48,42,44,37,51,-40,-43,-31,-22,-47,-26,-27,-5,-12,67,67,127,0,0,0,0,0,0,0,0,0,0,0,0,0,103,-19,-19,-47,-35,-50,-43,-39,-26,-91,-93,-93,-93,-93,-93,-91,-84,-131,-116,-118,-115,-116,-115,-109,-120,-135,-141,-562,-561,-759,610,-510,0]} 1. d4 e6 2. c4 Nf6 3. g3 Bb4+ 4. Bd2 c5 5. Bxb4 cxb4 6. Bg2 O-O 7. e4 {E00: Catalan Bogo-Indian (3 g3 Bb4+)} (7. Nf3 d6 8. O-O Nc6 9. a3 Qb6 10. axb4 Nxb4 11. Nc3 Bd7 12. e4 Rfd8 13. Qe2 h6 14. Rad1 Rac8 15. Rfe1 a5 16. e5 dxe5 17. Nxe5 Nc6 {½-½ (94) Kuzubov,Y (2663)-Fedorchuk,S (2637) Brest 2018}) 7... d6 8. Ne2 e5 9. a3 Qb6 10. Qd2 {LiveBook: 6 Games} Na6 11. axb4 Nxb4 12. O-O Bg4 13. Nbc3 Nc6 $146 ({Predecessor:} 13... Bxe2 14. Nxe2 Nc6 {0-1 (70) Hantak,A (2200)-Krejci,J (2439) Brno 2010}) 14. f3 Bd7 {[%cal Rc6d4]} 15. Rfd1 Rfc8 16. c5 (16. b3 $14) 16... dxc5 $15 17. Na4 Qc7 18. dxc5 Na5 {[#] Strongly threatening ...Nb3.} 19. Qc3 Bxa4 20. Rxa4 b6 (20... Nc6 $1 $11) 21. b4 $14 Nb7 ({Black should play} 21... Nc6 $1 $14) 22. c6 (22. Bh3 $16 Rcb8 23. c6) 22... Qxc6 $11 23. Qxc6 Rxc6 24. f4 Rc7 25. fxe5 Ng4 26. e6 fxe6 27. Bh3 h5 28. Nf4 Rd8 (28... Nd8 $11) 29. Rxd8+ ({White should try} 29. Rf1 $16) 29... Nxd8 30. Nxh5 Ne5 31. b5 Kf7 32. Nf4 Kf6 33. Kf2 (33. Nh5+ $11 {remains equal.} Kf7 34. Bf1) 33... g5 $17 34. Ne2 Ndf7 35. Nd4 g4 36. Bg2 Nd6 37. h3 gxh3 38. Bxh3 Nxe4+ 39. Ke3 Ng5 40. Bg2 Rc3+ 41. Ke2 Rxg3 42. Kf2 $2 {[%mdl 8192] [#]} (42. Bc6 $17) 42... Rg4 $19 43. Ke3 Re4+ $4 {[%mdl 8192]} (43... Rxg2 $19 44. Nc6 Ng4+ 45. Kd4 e5+ 46. Kc3 Nf2 47. Rxa7 Nge4+ 48. Kc2 Ng4+ 49. Kc1 Nc5) 44. Kf2 $4 {[%mdl 8192]} (44. Bxe4 $18 {was the only winning move.} Ng4+ 45. Kf4) 44... Nef3 $2 {[%mdl 32768] Precision: White = 38%, Black = 44%. . Loss on Time!?} (44... Nd3+ $19 45. Kg3 Rf4) 0-1

[Event "44th Badalona Open 2018"]
[Site "Badalona"]
[Date "2018.08.02"]
[Round "2"]
[White "Villar Reymundo, Juan Antonio"]
[Black "Pulvett Marin, Daniel Eduardo"]
[Result "1/2-1/2"]
[WhiteElo "2183"]
[BlackElo "2464"]
[Annotator "TA"]
[PlyCount "81"]
[EventDate "2018.08.01"]
[EventType "swiss"]
[EventCountry "ESP"]
[SourceTitle "playchess.com"]
[Source "ChessBase"]
[SourceQuality "1"]

{[%evp 18,81,0,7,38,49,43,46,45,35,47,35,68,63,88,89,81,56,70,48,57,49,40,35,103,96,94,90,137,28,21,47,25,18,29,46,33,18,47,50,62,68,62,66,77,66,72,74,95,95,94,95,97,97,97,84,98,98,98,98,108,108,108,108,108,108]} 1. d4 Nf6 2. Nf3 e6 3. g3 c5 4. Bg2 cxd4 5. Nxd4 d5 6. O-O e5 7. Nb3 Be6 8. c4 {D02: 1 d4 d5 2 Nf3 sidelines, including 2...Nf6 3 g3 and 2...Nf6 3 Bf4} (8. Bg5 Nbd7 9. e4 dxe4 10. Bxe4 Qc7 11. Bg2 Be7 12. Nc3 O-O 13. Re1 Rad8 14. Qe2 h6 15. Bxf6 Bxf6 {½-½ (107) Caruana,F (2802)-Nakamura,H (2786) chess.com INT 2017}) 8... Nc6 9. cxd5 Nxd5 10. N1d2 {LiveBook: 11 Games. The position is equal.} Ndb4 11. a3 $146 ({Predecessor:} 11. Ne4 Qxd1 12. Rxd1 Nxa2 13. Nbc5 Nxc1 14. Raxc1 Bxc5 15. Nxc5 Bc8 16. Nxb7 Bxb7 17. Bxc6+ Bxc6 18. Rxc6 O-O 19. Rd5 f6 20. Rd7 Rf7 21. Rcc7 {½-½ (21) Appel,R (2529)-Nyback,T (2627) Germany 2011}) 11... Na6 12. Bxc6+ $1 bxc6 13. Qc2 $1 {[%cal Rc2c6]} Rc8 14. Nc4 Qd5 15. Nba5 $1 Bh3 {[%csl Gh3][%cal Rd5g2] [#]} 16. e4 Qe6 17. Re1 Be7 18. b4 O-O 19. Bb2 f6 20. Ne3 Rfd8 (20... c5 $14) 21. Qe2 Nc7 22. Qf3 Rd2 23. Bc1 (23. Nac4 $16 Rd3 24. Rac1) 23... Rd3 $11 24. g4 {[#]} Rxe3 $1 {[%mdl 512]} 25. Qxe3 (25. Bxe3 Bxg4) 25... Bxg4 26. Qb3 c5 27. Be3 cxb4 28. axb4 Qxb3 29. Nxb3 Bxb4 30. Rec1 Nb5 31. Rxc8+ Bxc8 32. Bxa7 {White is better.} Be6 33. Bc5 Bxb3 34. Bxb4 $16 {[%mdl 4096] Endgame KRB-KBN} Nd4 35. Bc5 Ne6 36. Be3 Kf7 37. Ra7+ Kg6 38. f3 h5 39. Kf2 Bc4 40. Ra4 Bb5 41. Ra5 {Precision: White = 85%, Black = 61%.} 1/2-1/2

[Event "44th Badalona Open 2018"]
[Site "Badalona"]
[Date "2018.08.02"]
[Round "2"]
[White "Brandt, Stefan"]
[Black "Ruiz"]
[Result "1/2-1/2"]
[WhiteElo "1940"]
[BlackElo "1773"]
[Annotator "NA"]
[PlyCount "43"]
[EventDate "2018.08.01"]
[EventType "swiss"]
[EventCountry "ESP"]
[SourceTitle "playchess.com"]
[Source "ChessBase"]
[SourceQuality "1"]
[TimeControl "5400+30"]

1. e4 {[%emt 0:02:00]} g6 {[%emt 0:00:00]} 2. Nc3 {[%emt 0:00:18]} d6 {[%emt 0:00:00]} 3. g3 {[%emt 0:00:13]} Bg7 {[%emt 0:00:14]} 4. Bg2 {[%emt 0:00:07]} Nf6 {[%emt 0:00:10]} 5. f4 {[%emt 0:00:18]} e5 {[%emt 0:00:59]} 6. d3 {[%emt 0:00:28]} Nc6 {[%emt 0:04:02]} 7. Nf3 {[%emt 0:00:42]} Bg4 {[%emt 0:02:00]} 8. h3 {[%emt 0:03:01]} Bxf3 {[%emt 0:00:49]} 9. Qxf3 {[%emt 0:01:00]} Nd4 {[%emt 0:00:23]} 10. Qf2 {[%emt 0:03:26]} Nh5 {[%emt 0:02:43]} 11. O-O {[%emt 0:04:14]} Qd7 {[%emt 0:04:54]} 12. Be3 {[%emt 0:04:01]} c5 {[%emt 0:06:44]} 13. Nd5 {[%emt 0:04:53]} exf4 {[%emt 0:07:59]} 14. gxf4 {[%emt 0:04:36]} f5 {[%emt 0:17:16]} 15. c3 {[%emt 0:07:36]} Ne6 {[%emt 0:02:35]} 16. exf5 {[%emt 0:10:53]} gxf5 {[%emt 0:00:16]} 17. Qh4 {[%emt 0:05:15]} Qf7 {[%emt 0:02:00]} 18. Rae1 {[%emt 0:02:13]} Kd7 {[%emt 0:05:16]} 19. b4 {[%emt 0:07:59]} Nf6 {[%emt 0:03:44]} 20. bxc5 {[%emt 0:01:25]} Nxc5 {[%emt 0:02:26]} 21. Bxc5 Nxd5 22. Bf2 1/2-1/2

[Event "44th Badalona Open 2018"]
[Site "Badalona"]
[Date "2018.08.02"]
[Round "2"]
[White "Murat Huertas, Eduard"]
[Black "Kruijf, Caspar"]
[Result "0-1"]
[WhiteElo "1784"]
[BlackElo "1918"]
[Annotator "NA RC"]
[PlyCount "134"]
[EventDate "2018.08.01"]
[EventType "swiss"]
[EventCountry "ESP"]
[SourceTitle "playchess.com"]
[Source "ChessBase"]
[SourceQuality "1"]
[TimeControl "5400+30"]

1. e4 e5 {[%emt 0:00:00]} 2. Nf3 {[%emt 0:05:17]} Nc6 {[%emt 0:00:00]} 3. Bb5 {[%emt 0:00:00]} a6 4. Ba4 {[%emt 0:00:23]} Nf6 {[%emt 0:00:00]} 5. O-O {[%emt 0:00:24]} Be7 {[%emt 0:00:00]} 6. Re1 {[%emt 0:00:28]} b5 {[%emt 0:00:01]} 7. Bb3 {[%emt 0:00:06]} d6 {[%emt 0:00:00]} 8. c3 {[%emt 0:00:29]} O-O {[%emt 0:00:23]} 9. h3 {[%emt 0:00:11]} Nb8 {[%emt 0:00:30]} 10. d4 {[%emt 0:00:30]} Nbd7 {[%emt 0:00:14]} 11. a4 {[%emt 0:00:59]} Bb7 {[%emt 0:01:28]} 12. Nbd2 {[%emt 0:01:32]} c5 {[%emt 0:03:10]} 13. d5 {[%emt 0:03:39]} c4 {[%emt 0:00:29]} 14. Bc2 {[%emt 0:00:09]} Re8 {[%emt 0:03:27]} 15. Nf1 {[%emt 0:00:28]} Bf8 {[%emt 0:00:15]} 16. Ng3 {[%emt 0:00:34]} g6 {[%emt 0:00:12]} 17. Bg5 {[%emt 0:00:12]} h6 {[%emt 0:01:25] C95: Closed Ruy Lopez: Breyer Variation with 10 d4} 18. Bd2 {[%emt 0:00:12]} Bg7 {[%emt 0:05:59]} 19. Qc1 {[%emt 0:01:23]} Kh7 {[%emt 0:00:30] [#]} 20. Nh2 $146 {[%emt 0:03:19]} ({Predecessor:} 20. b4 cxb3 21. Bxb3 Nc5 22. Qa3 Nfd7 23. Be3 Qc7 24. Nd2 Bf8 25. Bc2 bxa4 26. Bxa4 Nxa4 27. Qxa4 {1-0 (75) Borisek,J (2561)-Amin,B (2662) Doha 2016}) 20... Nc5 {[%emt 0:08:12]} 21. Ra3 {[%emt 0:06:31]} bxa4 {[%emt 0:12:02]} 22. Bxa4 {[%emt 0:01:43]} Nd3 {[%emt 0:06:02]} 23. Qa1 {[%emt 0:03:58]} Nxe1 {[%emt 0:01:54]} 24. Qxe1 {[%emt 0:01:30]} Re7 {[%emt 0:00:30]} 25. Qe2 {[%emt 0:01:46]} Rc8 {[%emt 0:11:38]} 26. Nhf1 {[%emt 0:00:53]} Qb6 {[%emt 0:00:30]} 27. Be3 {[%emt 0:03:38]} Qc7 {[%emt 0:06:44]} 28. Nd2 {[%emt 0:00:30]} Nd7 {[%emt 0:05:29]} 29. Bxd7 {[%emt 0:00:46]} Rxd7 {[%emt 0:05:23]} 30. Ra4 {[%emt 0:08:48]} Qd8 {[%emt 0:00:30]} 31. Nxc4 {[%emt 0:00:30]} Re7 {[%emt 0:08:06]} 32. Na5 {[%emt 0:07:44]} Ra8 $16 {[%emt 0:01:44]} 33. b4 {[%emt 0:00:30]} Qd7 {[%emt 0:03:44]} 34. Qa2 {[%emt 0:03:10]} h5 {[%emt 0:01:25]} 35. c4 {[%emt 0:00:30]} h4 {[%emt 0:00:30]} 36. Ne2 {[%emt 0:00:26]} f5 {[%emt 0:00:36]} 37. f3 {[%emt 0:00:22]} fxe4 {[%emt 0:01:26]} 38. fxe4 {[%emt 0:00:20]} Bh6 {[%emt 0:00:00]} 39. Bf2 {[%emt 0:00:00]} g5 40. c5 {[%emt 0:00:15]} dxc5 {[%emt 0:06:28]} 41. bxc5 {[%emt 0:01:33]} Qb5 {[%emt 0:02:53]} 42. c6 {[%emt 0:02:32]} Bc8 {[%emt 0:00:22]} 43. d6 {[%emt 0:00:30]} Be6 {[%emt 0:00:00]} 44. Qc2 {[%emt 0:02:34]} Rf7 {[%emt 0:02:03]} 45. Nc3 {[%emt 0:02:29]} Qb8 46. c7 {[%emt 0:00:30]} Qf8 {[%emt 0:02:27]} 47. Nd5 {[%emt 0:02:16]} Qxd6 {[%emt 0:01:26]} 48. Nb7 {[%emt 0:02:33]} Qf8 {[%emt 0:01:16]} 49. Nd8 {[%emt 0:00:12]} Rxd8 {[%emt 0:00:08]} 50. cxd8=Q {[%emt 0:00:30]} Qxd8 {[%emt 0:02:12]} 51. Qc6 {[%emt 0:01:30]} Bd7 {[%emt 0:00:22]} 52. Qb7 {[%emt 0:01:04]} Qf8 {[%emt 0:00:23]} 53. Ra2 {[%emt 0:00:30]} Bxh3 {[%emt 0:00:30]} 54. Qxa6 {[%emt 0:00:30]} Bc8 {[%emt 0:00:30]} 55. Qe2 {[%emt 0:03:50]} h3 {[%emt 0:01:10]} 56. Bg3 {[%emt 0:00:30]} hxg2 {[%emt 0:00:30]} 57. Qxg2 {[%emt 0:01:39]} Qc5+ {[%emt 0:00:43]} 58. Kh2 {[%emt 0:01:30]} Be6 {[%emt 0:00:52]} 59. Bxe5 {[%emt 0:00:30]} g4 {[%emt 0:00:13]} 60. Nf6+ {[%emt 0:01:45]} Rxf6 {[%emt 0:00:09]} 61. Bxf6 {[%emt 0:00:10]} Bxa2 {[%emt 0:00:10]} 62. Qxa2 {[%emt 0:00:15]} Qd6+ {[%emt 0:00:52]} 63. e5 {[%emt 0:00:30]} Bf4+ {[%emt 0:00:05]} 64. Kg1 {[%emt 0:02:11]} Qd1+ {[%emt 0:00:50]} 65. Kg2 {[%emt 0:01:36]} Qf3+ {[%emt 0:00:13]} 66. Kg1 {[%emt 0:00:31]} Be3+ {[%emt 0:00:06]} 67. Kh2 Qh3# 0-1